Vent d'autan / (Record no. 66818)

MARC details
000 -LEADER
campo de control de longitud fija 00729nam a2200217 i 4500
001 - NÚMERO DE CONTROL
campo de control 66818
003 - IDENTIFICADOR DE NÚMERO DE CONTROL
campo de control ES-MaACL
005 - FECHA Y HORA DE LA ÚLTIMA TRANSACCIÓN
campo de control 20250302202840.0
007 - CAMPO FIJO DE DESCRIPCIÓN FÍSICA--INFORMACIÓN GENERAL
campo de control de longitud fija t|
008 - DATOS DE LONGITUD FIJA--INFORMACIÓN GENERAL
campo de control de longitud fija 040405s1999 fr ||||1| fre d
020 ## - NÚMERO INTERNACIONAL ESTÁNDAR DEL LIBRO
Número Internacional Estándar del Libro 2-7068-1383-0
080 ## - NÚMERO DE LA CLASIFICACIÓN DECIMAL UNIVERSAL
Número de la Clasificación Decimal Universal 759.7
100 1# - ENTRADA PRINCIPAL--NOMBRE DE PERSONA
Nombre de persona Mayor Zaragoza, Federico,
Fechas asociadas al nombre 1934-2024
9 (RLIN) 79415
245 10 - MENCIÓN DEL TÍTULO
Título Vent d'autan /
Mención de responsabilidad, etc. Federico Mayor, poèmes ; Alain Husson-Dumoutier, peintures ; traduit de l'espagnol par Marie-Christine Bercot.
260 ## - PUBLICACIÓN, DISTRIBUCIÓN, ETC.
Lugar de publicación, distribución, etc. Paris :
Nombre del editor, distribuidor, etc. Maisonneuve & Larose,
Fecha de publicación, distribución, etc. [1999]
300 ## - DESCRIPCIÓN FÍSICA
Extensión 143 p. :
Otras características físicas il. ;
Dimensiones 27 cm.
700 1# - ENTRADA AGREGADA--NOMBRE PERSONAL
Nombre de persona Husson-Dumoutier, Alain.
9 (RLIN) 64825
700 1# - ENTRADA AGREGADA--NOMBRE PERSONAL
Nombre de persona Bercot, Marie-Christine.
9 (RLIN) 27855
852 ## - LOCALIZACIÓN
Ubicación ES-MaACL
Número de control de estantería L-27272
Sublocalización o colección R.132936
Holdings
Estatus retirado Estado de pérdida Estado de daño No para préstamo Biblioteca de origen Biblioteca actual Ubicación en estantería Fecha de adquisición Fuente de adquisición Total de préstamos Signatura topográfica completa Código de barras Visto por última vez Precio de reemplazo Tipo de ítem Koha
        Biblioteca del Ateneo de Madrid Biblioteca del Ateneo de Madrid Depósito 2 17/01/2008     L-27272 1069986 23/02/2023 23/02/2023 Libro impreso